[Event "Catalunya-chT"]
[Site "Barcelona"]
[Date "2002.??.??"]
[Round "4"]
[White "Gradaille Villar, Francisco"]
[Black "Gutierrez Lago, Adrian"]
[Result "1-0"]
[WhiteElo "1985"]
[BlackElo "1945"]
[PlyCount "87"]
[EventDate "2002.??.??"]
[EventType "team"]
[EventRounds "9"]
[EventCountry "ESP"]
[SourceTitle "EXT 2008"]
[Source "ChessBase"]
[SourceDate "2007.11.25"]
[SourceVersion "1"]
[SourceVersionDate "2007.11.25"]
[SourceQuality "1"]

1. d4 e6 2. c4 d5 3. e3 Nf6 4. Nc3 c6 5. a3 Be7 6. Nf3 Nbd7 7. Be2 0-0 8. 0-0 b6 9. b3 Bb7 10. Bb2 Rc8 11. Rc1 dxc4 12. Bxc4 c5 13. dxc5 Nxc5 14. Qe2 Qc7 15. h3 Ncd7 16. Nb5 Qb8 17. a4 Rfd8 18. Rfd1 Nd5 19. Nc3 Nb4 20. Nb5 Qa8 21. Nd6 Bxd6 22. Rxd6 Bxf3 23. Qxf3 Qxf3 24. gxf3 Nb8 25. Rcd1 N8c6 26. R1d2 Rxd6 27. Rxd6 Rd8 28. Rxd8+ Nxd8 29. Kf1 f6 30. f4 f5 31. Ke2 Kf7 32. Ba3 Ndc6 33. Kd2 Nd5 34. Be2 Nf6 35. f3 Nd5 36. Bb5 Ncb4 37. e4 fxe4 38. fxe4 Nxf4 39. Bxb4 Nxh3 40. Bd6 Nf2 41. Ke3 Nd1+ 42. Kf3 h5 43. Be5 g5 44. Ke2 1-0

[Event "Ideal Clave op 7th"]
[Site "Barcelona"]
[Date "2001.11.17"]
[Round "7"]
[White "Gradaille Villar, Francisco"]
[Black "Felipo Pages, Danilo"]
[Result "1/2-1/2"]
[WhiteElo "1985"]
[BlackElo "1890"]
[PlyCount "56"]
[EventDate "2001.09.29"]
[EventType "swiss"]
[EventRounds "8"]
[EventCountry "ESP"]
[SourceTitle "EXT 2003"]
[Source "ChessBase"]
[SourceDate "2002.11.25"]
[SourceVersion "1"]
[SourceVersionDate "2002.11.25"]
[SourceQuality "1"]

1. d4 c6 2. c4 d5 3. e3 Bf5 4. Nc3 e6 5. Nf3 Nf6 6. a3 h6 7. Be2 Be7 8. Ne5 Nbd7 9. Qb3 Qc7 10. Nxd7 Nxd7 11. Bd2 Qb6 12. Qxb6 Nxb6 13. cxd5 Nxd5 14. Nxd5 exd5 15. 0-0 0-0 16. Rfc1 Rfe8 17. b4 a6 18. Bf3 Bg5 19. g3 Bd3 20. Ra2 Re7 21. Bg2 f5 22. Bf1 Be4 23. Bg2 h5 24. f4 Bf6 25. Bxe4 fxe4 26. h4 Re6 27. Rac2 Be7 28. Rb1 Rg6 1/2-1/2

[Event "Ideal Clave op 7th"]
[Site "Barcelona"]
[Date "2001.10.20"]
[Round "3"]
[White "Zaiats, Vladimir"]
[Black "Gradaille Villar, Francisco"]
[Result "1-0"]
[WhiteElo "2075"]
[BlackElo "1985"]
[PlyCount "73"]
[EventDate "2001.09.29"]
[EventType "swiss"]
[EventRounds "8"]
[EventCountry "ESP"]
[SourceTitle "EXT 2003"]
[Source "ChessBase"]
[SourceDate "2002.11.25"]
[SourceVersion "1"]
[SourceVersionDate "2002.11.25"]
[SourceQuality "1"]

1. e4 c5 2. Nf3 Nc6 3. Bb5 d6 4. d4 cxd4 5. Nxd4 Bd7 6. 0-0 Nxd4 7. Bxd7+ Qxd7 8. Qxd4 Nf6 9. Nc3 g6 10. Bg5 Bg7 11. Nd5 e5 12. Qd3 Nxd5 13. Qxd5 f6 14. Be3 Ke7 15. Rad1 Qc6 16. Qd3 b6 17. c4 Rhd8 18. b3 Rac8 19. Qb1 g5 20. Rd5 Qe8 21. Rfd1 Qg6 22. Qd3 Qh5 23. f3 Rc6 24. b4 Qf7 25. c5 Qe6 26. b5 Rxc5 27. Bxc5 bxc5 28. Rxc5 Qxa2 29. Rc7+ Kf8 30. Qd5 Qxd5 31. Rxd5 Ra8 32. Rxd6 Kg8 33. Rdd7 Bf8 34. Kf1 Rb8 35. Rxa7 Rxb5 36. Ra8 Rb1+ 37. Kf2 1-0

[Event "Centelles op"]
[Site "Centelles"]
[Date "1996.09.20"]
[Round "3"]
[White "Gradaille Villar, Francisco"]
[Black "Serra Santaeulalia, Rafael"]
[Result "0-1"]
[WhiteElo "1990"]
[BlackElo "2095"]
[PlyCount "86"]
[EventDate "1996.09.07"]
[EventType "swiss"]
[EventRounds "8"]
[EventCountry "ESP"]
[SourceTitle "EXT 2003"]
[Source "ChessBase"]
[SourceDate "2002.11.25"]
[SourceVersion "1"]
[SourceVersionDate "2002.11.25"]
[SourceQuality "1"]

1. d4 Nf6 2. Nf3 d6 3. c4 g6 4. Nc3 Bg7 5. e3 Nbd7 6. Be2 0-0 7. 0-0 Re8 8. Qc2 e5 9. dxe5 Nxe5 10. Nxe5 Rxe5 11. Bf3 Rb8 12. Nd5 Bd7 13. Bd2 Re8 14. Bc3 Bc6 15. Bxf6 Bxf6 16. Nxf6+ Qxf6 17. Bxc6 bxc6 18. b3 c5 19. Rac1 a5 20. Qc3 Qxc3 21. Rxc3 Rb4 22. Rb1 Reb8 23. e4 f6 24. f3 Kf7 25. Kf2 Ke6 26. Rd1 Ra8 27. Ke3 a4 28. Rd2 axb3 29. axb3 Ra1 30. Rb2 Re1+ 31. Kf2 Ra1 32. Ke3 h5 33. h3 h4 34. Kf2 g5 35. g3 hxg3+ 36. Kxg3 Ke5 37. h4 gxh4+ 38. Kxh4 Rg1 39. Rd2 Rb8 40. Rd5+ Ke6 41. Rh5 Rh1+ 42. Kg4 Rg8+ 43. Kf4 Rxh5 0-1

[Event "Centelles op"]
[Site "Centelles"]
[Date "1996.09.07"]
[Round "1"]
[White "Valldeoriola Puigdoller, Agusti"]
[Black "Gradaille Villar, Francisco"]
[Result "1-0"]
[WhiteElo "2080"]
[BlackElo "1990"]
[PlyCount "81"]
[EventDate "1996.09.07"]
[EventType "swiss"]
[EventRounds "8"]
[EventCountry "ESP"]
[SourceTitle "EXT 2003"]
[Source "ChessBase"]
[SourceDate "2002.11.25"]
[SourceVersion "1"]
[SourceVersionDate "2002.11.25"]
[SourceQuality "1"]

1. e4 e5 2. Nf3 Nc6 3. c3 Nf6 4. Bd3 d6 5. h3 a6 6. 0-0 g6 7. Bc2 Bh6 8. d4 Bxc1 9. Qxc1 exd4 10. Qh6 dxc3 11. Nxc3 Ne5 12. Nxe5 dxe5 13. f4 exf4 14. Qxf4 Qd4+ 15. Kh1 Ke7 16. Qxf6+ Qxf6 17. Nd5+ Kd8 18. Nxf6 Be6 19. Rad1+ Ke7 20. Nd5+ Bxd5 21. Rxd5 c6 22. Rd2 Rac8 23. Rfd1 Rc7 24. Kg1 h6 25. Kf2 Rhc8 26. Kf3 c5 27. b3 c4 28. bxc4 Rxc4 29. Rd7+ Ke8 30. Bb3 Rc3+ 31. Kf2 R8c7 32. Bxf7+ Kf8 33. Bxg6 Rxd7 34. Rxd7 Rc2+ 35. Kf3 Rxa2 36. Rf7+ Kg8 37. Rxb7 Ra1 38. Kf4 a5 39. Ke5 a4 40. Kf6 Rf1+ 41. Bf5 1-0